000 00281nas a2200121Ia 4500
245 _aAnnals of Clinical Biochemistry
260 _c2015
_aUK
_bSAGE PUBLICATION
310 _aBIOMONTHLY
362 _aMARCH 2015
500 _aINTERNATIONAL
650 _aBiochemistry
942 _2ddc
_cLJ
999 _c6534
_d6534